Pays ayant plusieurs Couleurs majoritaires - Statistiques

Statistiques générales
  • Ce quiz a été pris 83 fois
    66 depuis la dernière actualisation
  • Le résultat moyen est 17 sur 54
Statistiques - réponses
Couleurs les plus présentes Pourcentage Pays % Correct
Rouge/Jaune/Noir 33.3 % Allemagne
87%
Rouge/Jaune/Noir 33.3 % Belgique
79%
Rouge/Bleu/Blanc 33.3 % France
79%
Rouge/Jaune/Bleu 33.3 % Roumanie
65%
Rouge/Vert/Blanc 33.3 % Italie
63%
Orange/Vert/Blanc 33.3 % Irlande
60%
Jaune/Bleu 50.0 % Ukraine
60%
Rouge/Bleu/Blanc 33.3 % Pays-Bas
56%
Rouge/Bleu/Blanc 33.3 % Russie
56%
Rouge/Jaune/Bleu 33.3 % Tchad
50%
Rouge/Blanc 50.0 % Monaco
48%
Rouge/Blanc 50.0 % Pologne
46%
Orange/Vert/Blanc 33.3 % Côte d'Ivoire
44%
Rouge/Bleu/Blanc 33.3 % Luxembourg
42%
Rouge/Jaune/Vert 33.3 % Mali
42%
Rouge/Blanc 50.0 % Indonésie
40%
Bleu/Blanc/Noir 33.3 % Estonie
38%
Rouge/Vert/Blanc 33.3 % Bulgarie
37%
Rouge/Jaune/Vert 33.3 % Guinée
37%
Rouge/Vert/Blanc 33.3 % Hongrie
35%
Rouge/Jaune/Vert 33.3 % Lituanie
33%
Rouge/Jaune/Bleu 33.3 % Arménie
29%
Rouge/Noir 33.3 % Irak
29%
Rouge/Jaune 33.3 % Venezuela
29%
Rouge/Blanc/Noir 33.3 % Yémen
29%
Rouge/Jaune/Vert 33.3 % Bolivie
27%
Rouge/Jaune/Vert 33.3 % République du Congo
27%
Rouge/Noir 33.3 % Égypte
25%
Orange/Vert 33.3 % Inde
25%
Rouge/Blanc 37.5 % République tchèque
25%
Rouge/Bleu/Blanc 33.3 % Thaïlande
25%
Rouge/Bleu/Blanc 33.3 % Costa Rica
23%
Jaune/Vert/Bleu 33.3 % Gabon
23%
Rouge/Noir 33.3 % Syrie
23%
Rouge/Vert/Blanc/Noir 25.0 % Émirats arabes unis
19%
Vert/Bleu/Blanc 33.3 % Sierra Leone
19%
Rouge/Noir 29.6 % Soudan
19%
Rouge/Vert 33.3 % Gambie
17%
Rouge/Jaune 33.3 % Ghana
17%
Vert/Noir 27.8 % Jordanie
17%
Rouge/Vert/Blanc 33.3 % Madagascar
15%
Jaune/Bleu 21.9 % Comores
13%
Rouge/Vert 29.2 % Koweït
13%
Rouge/Blanc 35.5 % Malaisie
13%
Rouge/Vert 30.0 % Éthiopie
12%
Jaune/Vert 33.3 % Guinée-Bissau
12%
Rouge/Jaune/Vert/Bleu 25.0 % Île Maurice
12%
Vert/Noir 26.0 % Soudan du Sud
12%
Rouge/Bleu 33.3 % Paraguay
10%
Bleu/Vert 33.3 % Azerbaïdjan
8%
Vert/Bleu 35.6 % Djibouti
8%
Rouge/Vert 30.9 % Guinée équatoriale
8%
Rouge/Bleu 39.2 % Philippines
2%
Rouge/Vert 31.5 % Vanuatu
2%
Aucun quiz correspondant
Distribution des résultats
% des personnes avec chaque résultat
Percentile par nombre de réponses
Votre historique - résultats
Vous n’avez pas pris ce quiz depuis la dernière actualisation